000 00499nam a2200193Ia 4500
005 20250425160657.0
008 250425s9999 xx 000 0 und d
041 _aeng
082 _a001.642
100 _aJENSEN, RANDALL W.
245 0 _aIBM ELECTRONIC CIRCUIT ANALYSIS PROGRAM: TECHNIQUES AND APPLICATIONS
250 _aS.E.
260 _aEstados Unidos
_bPRENTICE-HALL
_c1968
260 _aS.L.
300 _a401
650 _aCOMPUTADORAS ELECTRONICAS
942 _c01
010 _a2057
999 _c193914
_d193914